| 000 | 00550nam a2200181 a 4500 | ||
|---|---|---|---|
| 001 | 525 | ||
| 003 | CDMR | ||
| 005 | 20131115140708.0 | ||
| 008 | 130130s1976||||||||||||||||||||||||||||d | ||
| 040 |
_aCDMR _bcat _cCPC GIRONA |
||
| 100 | 1 |
_aMattelart, Armand _9379 |
|
| 245 | 1 | 0 |
_aComunicación masiva en el proceso de liberación _cArmand Mattelart |
| 260 |
_c1976 _bSiglo XXI _aMéxico |
||
| 300 | _a263 p. | ||
| 650 | 0 | 4 |
_92757 _aMitjans de comunicació de massa _xAspectes socials |
| 650 | 0 | 4 |
_94354 _aMitjans de comunicació de massa _zXile |
| 942 |
_cMON _2udc |
||
| 999 |
_c525 _d525 |
||